000 00333nam a22001217a 4500
008 170206b xxu||||| |||| 00| 0 eng d
050 _aJX1977A.37Y4(1975).
245 _aYearbook of United Nations 1972. /
260 _aNew York;
_bUnited Nations,
_c1975.
300 _aXii,935p.:
_c24cm
500 _aIncludes index.
942 _2lcc
_cBK
999 _c6222
_d13722